LEADER 01520nam0 2200301 i 450 001 VAN00055217 005 20240806100509.628 010 $a978-05-215-5884-6 100 $a20061106d1995 |0itac50 ba 101 $aeng 102 $aGB 105 $a|||| ||||| 200 1 $aˆA ‰guide to quantum groups$fVyjayanthi Chari, Andrew Pressley 205 $a1. paperback ed.$bwith corrections 210 $aCambridge$cCambridge university$d1995 215 $aXV, 651 p.$d23 cm 606 $a20G42$xQuantum groups (quantized function algebras) and their representations [MSC 2020]$3VANC026946$2MF 620 $dCambridge$3VANL000024 700 1$aChari$bVyjayanthi$3VANV043754$053691 701 1$aPressley$bAndrew$3VANV036309$049921 712 $aCambridge University $3VANV107986$4650 801 $aIT$bSOL$c20250124$gRICA 856 4 $uhttps://books.google.it/books?id=bn5GNkLfnsAC&pg=PA135&dq=9780521558846&hl=it&sa=X&ved=0ahUKEwi19PmKm_PaAhUF0RQKHfSCBnAQuwUILTAA#v=onepage&q=9780521558846&f=false$zhttps://books.google.it/books?id=bn5GNkLfnsAC&pg=PA135&dq=9780521558846&hl=it&sa=X&ved=0ahUKEwi19PmKm_PaAhUF0RQKHfSCBnAQuwUILTAA#v=onepage&q=9780521558846&f=false 899 $aBIBLIOTECA DEL DIPARTIMENTO DI MATEMATICA E FISICA$1IT-CE0120$2VAN08 912 $aVAN00055217 950 $aBIBLIOTECA DEL DIPARTIMENTO DI MATEMATICA E FISICA$d08PREST 20-XX 0768 $e08 1025 I 20061106 996 $aGuide to quantum groups$91424902 997 $aUNICAMPANIA LEADER 03132nam 2200409z- 450 001 9910404236803321 005 20210211 010 $a989-26-0710-4 035 $a(CKB)4100000011302590 035 $a(oapen)https://directory.doabooks.org/handle/20.500.12854/41386 035 $a(oapen)doab41386 035 $a(EXLCZ)994100000011302590 100 $a20202102d2014 |y 0 101 0 $apor 135 $aurmn|---annan 181 $ctxt$2rdacontent 182 $cc$2rdamedia 183 $acr$2rdacarrier 200 00$aAs colec?o?es de escultura em madeira do Museu Gra?o Vasco e do Museu Nacional de Arte Antiga: um contributo da cie?ncia para a arte 210 $cCoimbra University Press$d2014 215 $a1 online resource (87 p.) 225 1 $aTheke 311 08$a989-26-0530-6 327 $aPequena nota sobre a histo?ria deste projeto / Cristina Nabais e Dalila Rodrigues -- Arte e cie?ncia : uma perspetiva este?tica, histo?rica e filoso?fica / Cristina Nabais -- Anatomia da madeira : a chave para a identificac?a?o / Cristina Nabais -- Identific?a?o das madeira : implicac?o?es no inventa?rio museolo?gico e na conservac?a?o e restauro / Elis Marc?al e Anto?nio Gouveia -- As madeiras da colec?a?o de escultura do Museu Nacional de Arte Antiga e do Museu Gra?o Vasco : um estudio comparativo / Cristina Nabais e Anto?nio Gouveia -- As esculturas em madeira da colec?a?o do Museu Nacional de Arte Antiga : notas sobre os resultados da indentific?a?o anatomica / Maria Joa?o Vilhena de Carvalho -- Listagem das esculturas idenficadas no MNAA -- Listagem das esculturas identificadas no MGV. 330 $aNo a?mbito do projectode investigac?a?o financiado pela Fundac?a?o para a Cie?ncia eTecnologia sobre o "Estudo das madeiras da colecc?a?o do MuseuNacional de Arte Antiga e Museu Gra?o Vasco - implicac?o?es na conservac?a?o erestauro", o objectivo central foiidentificar as madeiras da colecc?a?o de escultura dos referidos museus, cujosresultados agora se publicam. Aintervenc?a?o de especialistas de va?rias a?reas cienti?ficas contribuiu para amultiplicidade das concluso?es que podem tirar-se e para o significativo avanc?ono conhecimento da Colecc?a?o. Isso salienta-se na?o so? ao ni?vel da identificac?a?ote?cnica e comportamento este?tico dos materiais, mas tambe?m no que diz respeito 517 $aAs coleções de escultura em madeira do Museu Grão Vasco e do Museu Nacional de Arte Antiga 517 $aAs coleções de escultura em madeira do Museu Grão Vasco e do Museu Nacional de Arte Antiga 606 $aWood sculpture$xConservation and restoration$zPortugal 606 $aChristian art and symbolism$zPortugal$yModern period, 1500- 615 0$aWood sculpture$xConservation and restoration 615 0$aChristian art and symbolism 701 $aNabais$b Cristina$01244452 701 $aRodrigues$b Dalila$01371797 906 $aBOOK 912 $a9910404236803321 996 $aAs colec?o?es de escultura em madeira do Museu Gra?o Vasco e do Museu Nacional de Arte Antiga$93401428 997 $aUNINA LEADER 04603nam 2201021z- 450 001 9910580207303321 005 20220706 035 $a(CKB)5690000000012015 035 $a(oapen)https://directory.doabooks.org/handle/20.500.12854/87439 035 $a(oapen)doab87439 035 $a(EXLCZ)995690000000012015 100 $a20202207d2022 |y 0 101 0 $aeng 135 $aurmn|---annan 181 $ctxt$2rdacontent 182 $cc$2rdamedia 183 $acr$2rdacarrier 200 00$aCurrent Techniques and Materials in Dentistry 210 $aBasel$cMDPI - Multidisciplinary Digital Publishing Institute$d2022 215 $a1 online resource (168 p.) 311 08$a3-0365-4413-5 311 08$a3-0365-4414-3 330 $aWith advances in dental materials and their clinical applications, as well as innovations in computer technology, dental treatment is constantly evolving. In particular, adhesion technology to the tooth surface, implant treatments, and the application of CAD/CAM technology are very interesting topics for clinical dentists. As a bonding technique, the influence of the pre-etched area of the tooth surface on the adhesive strength can be reduced by the new application of a functional monomer. Additionally, the effect of an advanced adhesive system as a universal adhesive-derived primer, when compared with the two-step adhesive, is helpful for updating the applications of new materials. Dental implants are one of the most interesting dental treatments. PEEK (polyetheretherketone) has recently been reported as a further innovation in polymer implant materials, although it has not yet met the requirements to be a biomechanical requirement. In the placement of mini-screws used in orthodontic treatments, micro-cracks caused by overtorquing in thick and hard bone, and the consequent heat production, can reduce the success rate. Computer-aided design/computer-aided manufacturing (CAD/CAM) techniques are becoming increasingly popular. Since complete dentures can be produced using an additive (3D printing) or subtractive (milling) process, CAD/CAM techniques for denture fabrication have many clinical and laboratory advantages. Innovative and convenient dental material technology will be more and more expected in the future. This book has limited findings, but we hope that your clinical capability will be integrated and upgraded. 606 $aComputer science$2bicssc 606 $aInformation technology industries$2bicssc 610 $aacrylic resin 610 $aadhesive layer thickness 610 $aaesthetics 610 $abone drilling 610 $abracket debonding 610 $aCAD-CAM 610 $acaries model 610 $acentric relation 610 $acephalometric analysis 610 $achewing exercise 610 $acomplete denture 610 $acooled irrigation 610 $ademineralization 610 $adental caries 610 $adental enamel 610 $adenture base 610 $aenamel bond durability 610 $aeye-tracking 610 $aforensics 610 $afunctional monomer 610 $agingival recession 610 $agolden ratio 610 $aheat polymerization 610 $aheat production 610 $airrigation 610 $amasticatory function 610 $amasticatory pattern 610 $amechanical properties 610 $amethacrylate monomer 610 $amilling resin 610 $amini-implant 610 $amolar intrusion 610 $an/a 610 $aocclusal splint 610 $aopen bite 610 $aoral hygiene 610 $aorthodontic adhesive paste 610 $aorthodontic retainer 610 $aorthodontic screw 610 $aorthodontic treatment 610 $aorthodontics 610 $apatient compliance 610 $apre-drilling 610 $apre-etched area 610 $aresin infiltration 610 $aROC analysis 610 $asafety 610 $ascanning electron microscopy 610 $aStreptococcus mutans 610 $aTADs 610 $atemperature 610 $atemporomandibular disorder 610 $atreatment option criteria 610 $atwo-step adhesive system 610 $auniversal adhesive-derived primer 615 7$aComputer science 615 7$aInformation technology industries 700 $aMotoyoshi$b Mitsuru$4edt$01319341 702 $aMotoyoshi$b Mitsuru$4oth 906 $aBOOK 912 $a9910580207303321 996 $aCurrent Techniques and Materials in Dentistry$93033801 997 $aUNINA